000 00290nam a22001337a 4500
008 170503b xxu||||| |||| 00| 0 eng d
020 _a9780495391029
041 _aeng
080 _210TH
_a343.9
100 _a14
101 _aSHJ
245 _aCRIMINOLOGY
_cSIEGEL, L.J
942 _2udc
_cBK
999 _c12586
_d12586